|
|
|
|
| LEADER |
00855nam a2200217 a 4500 |
| 001 |
3821310 |
| 008 |
100210s1985 bg b 000 0 eng d |
| 010 |
|
|
|a 85904350
|
| 040 |
|
|
|a DLC
|c DLC
|d DLC
|d BD-DhAAL
|
| 082 |
0 |
0 |
|a 331.4/09549/2
|2 19
|
| 100 |
1 |
|
|a Islam, Shamima.
|
| 245 |
1 |
0 |
|a Invisible labour force :
|b women in poverty in Bangladesh /
|c by Shamima Islam.
|
| 260 |
|
|
|a Dhaka :
|b Center for Women and Development,
|c 1985.
|
| 300 |
|
|
|a 60, [1] p. ;
|c 23 cm.
|
| 504 |
|
|
|a Includes Bibliography (p. [61]).
|
| 541 |
|
|
|e 00002516
|
| 650 |
|
0 |
|a Women
|x Employment
|z Bangladesh.
|
| 650 |
|
0 |
|a Women
|z Bangladesh
|x Social conditions.
|
| 852 |
4 |
|
|a Ayesha Abed Library
|j General shelf
|
| 999 |
|
|
|c 7473
|d 7473
|
| 952 |
|
|
|0 0
|1 0
|2 ddc
|4 0
|6 331_409549200000000_ISL_1985
|7 0
|9 8038
|a BRACUL
|b BRACUL
|c GEN
|d 2010-02-11
|g 50.00
|l 0
|o 331.4095492 ISL
|p 3010002516
|r 2010-02-11
|t 1
|w 2010-02-11
|y BK
|